000 00712nam a2200265Ia 4500
003 OSt
005 20221006141646.0
006 a|||||r|||| 00| 0
007 ta
008 221006b |||||||| |||| 00| 0 jpn d
020 _a9784043419012
_c¥520
024 _a3,728
037 _bGift, Japan Foundation
_cTextual
040 _aEASL
_cEASL
_bjpn
041 _2jpn
_ajpn
082 _aP42:4k, N7
100 _aNAKAMURA Yukihiro
_9645992
245 0 _aNihongo jiten
260 _aTokyo
_bKadokawa Shoten Japan
_c1997
300 _a320p.
_ccm.
490 _v RR
650 _aJL
942 _hP42:4k, N7
_cTEXL
_2CC
999 _c1071814
_d1071814